000 00722nam a22002417a 4500
003 UA-OsUOA
001 51860
007 ta
008 20141030b un ||||| |||| 00| 0 ukr d
100 _aПіддубний І.
090 _a82-94
_bП36
942 _cBK
040 _aUA-OsUOA
_bukr
_cUA-OsUOA
_dUA-OsUOA
245 _aСлідами життя
_bспогади й думки
300 _a397 с.
955 _a1
041 _aukr
080 _a82-94
260 _aВінніпег
_bТризуб
_c1969
650 7 _a82 Література. Літературознавство
_2UDC
999 _c431984
_d431984